World Capitals by River Quiz Stats

 Plays Quiz Updated Jul 13, 2016

Also try: 4-Letter Capitals
Challenge
Share
Tweet
Embed
Score 0/36 Timer 10:00
2 Plays Today
River Capital % Correct
NileCairo, Khartoum
96.2%
ThamesLondon
82.9%
DanubeVienna, Bratislava, Budapest, Belgrade
80.5%
SeineParis
79%
AmstelAmsterdam
72.5%
PotomacWashington, D.C.
69.3%
MoskvaMoscow
68%
TigrisBaghdad
64.5%
TiberRome
57.2%
Rio de la PlataBuenos Aires, Montevideo
54.7%
CongoKinshasa, Brazzaville
50.2%
DnieperKyiv
39.2%
MekongVientiane, Phnom Penh
37.2%
LiffeyDublin
34.1%
Yongding & ChaobaiBeijing
30.8%
HanSeoul
29.7%
NigerBamako, Niamey
27.8%
TagusLisbon
27.7%
River Capital % Correct
VistulaWarsaw
25.4%
SpreeBerlin
25%
ManzanaresMadrid
21.5%
VltavaPrague
20.5%
Chao PhrayaBangkok
18.1%
TaedongPyongyang
17.9%
Molonglo (Lake Burley Griffin)Canberra
16.6%
ElliðaáReykjavik
16.5%
SumidaTokyo
9.1%
RedHanoi
8.9%
ZenneBrussels
7.5%
UbangiBangui
7.4%
RímacLima
7.3%
BagmatiKathmandu
6.5%
Klang & GombakKuala Lumpur
6.3%
DanshuiTaipei
6.3%
BurigangaDhaka
5.9%
ChirchikTashkent
5.2%

You're not logged in!

Compare scores with friends on all Sporcle quizzes.
Join for Free
OR
Log In

You Might Also Like...

Show Comments

Extras

Top Quizzes Today


Score Distribution

Your Account Isn't Verified!

In order to create a playlist on Sporcle, you need to verify the email address you used during registration. Go to your Sporcle Settings to finish the process.

Report this User

Report this user for behavior that violates our Community Guidelines.

Details: